[Event "15. Obert Int. Sant Martí 2013 - B"]
[Site "Barcelona ESP"]
[Date "2013.07.20"]
[Round "8.34"]
[White "Maria Oproae, Alex"]
[Black "Roig Ruiz, Carles"]
[Result "0-1"]
[WhiteElo "1415"]
[BlackElo "1798"]
[PlyCount "98"]
[EventDate "2013.07.13"]
[EventType "swiss"]
[EventRounds "9"]
[EventCountry "ESP"]
[SourceTitle "Ajedrez en Madrid"]
[Source "lmi"]
[SourceDate "2013.07.13"]
[SourceVersion "1"]
[SourceVersionDate "2019.06.21"]
[SourceQuality "1"]

1. e4 g6 2. d4 Bg7 3. Nf3 d6 4. Nc3 Nf6 5. h3 O-O 6. Be3 c5 7. Qd2 cxd4 8. Nxd4
Nbd7 9. O-O-O Nc5 10. f3 Qa5 11. Kb1 e5 12. Ndb5 Be6 13. Nxd6 Rfd8 14. Bxc5
Qxc5 15. Nxb7 Rxd2 16. Nxc5 Rad8 17. Bb5 Nh5 18. Nxe6 fxe6 19. Kc1 Bh6 20. Kb1
Nf4 21. g3 Ng2 22. Rxd2 Rxd2 23. Rd1 Rf2 24. Rd8+ Kf7 25. Rd7+ Kf6 26. Rxh7 Bg7
27. f4 exf4 28. e5+ Kxe5 29. Rxg7 fxg3 30. Rxg6 Rf3 31. a3 Nf4 32. Bc6 Rf1+ 33.
Ka2 Nxg6 34. Ne2 g2 35. Bxg2 Rf2 36. Be4 Kxe4 37. Nc3+ Kd4 38. Nb5+ Kc5 39.
Nxa7 Rxc2 40. a4 e5 41. Nb5 Rh2 42. Nc3 Rxh3 43. Ne4+ Kb4 44. Nc3 Nf4 45. Kb1
Kb3 46. Kc1 Nd3+ 47. Kd2 Nxb2 48. Nd1 Nxd1 49. Kxd1 Kxa4 0-1

[Event "15. Obert Int. Sant Martí 2013 - B"]
[Site "Barcelona ESP"]
[Date "2013.07.20"]
[Round "8.35"]
[White "Sirletti, Sonia"]
[Black "Lopez Pujol, Hector"]
[Result "1-0"]
[WhiteElo "1888"]
[BlackElo "1885"]
[PlyCount "47"]
[EventDate "2013.07.13"]
[EventType "swiss"]
[EventRounds "9"]
[EventCountry "ESP"]
[SourceTitle "Ajedrez en Madrid"]
[Source "lmi"]
[SourceDate "2013.07.13"]
[SourceVersion "1"]
[SourceVersionDate "2019.06.21"]
[SourceQuality "1"]

1. d4 g6 2. c4 Bg7 3. Nc3 Nf6 4. e4 d6 5. Nf3 O-O 6. Be2 e5 7. d5 c6 8. O-O
cxd5 9. cxd5 a6 10. h3 b5 11. a3 Nh5 12. Be3 f5 13. exf5 gxf5 14. Nxe5 f4 15.
Nc6 Qg5 16. Ne4 Qh4 17. Bd4 Bxh3 18. gxh3 f3 19. Bxf3 Nf4 20. Bg4 Nxc6 21. Bxg7
Kxg7 22. dxc6 Rg8 23. Qd4+ Kf7 24. Nxd6+ 1-0

[Event "15. Obert Int. Sant Martí 2013 - B"]
[Site "Barcelona ESP"]
[Date "2013.07.20"]
[Round "8.36"]
[White "Liarte Genoves, Sergi"]
[Black "Martin Sanchez, Antoni"]
[Result "1-0"]
[WhiteElo "1880"]
[BlackElo "1730"]
[PlyCount "37"]
[EventDate "2013.07.13"]
[EventType "swiss"]
[EventRounds "9"]
[EventCountry "ESP"]
[SourceTitle "Ajedrez en Madrid"]
[Source "lmi"]
[SourceDate "2013.07.13"]
[SourceVersion "1"]
[SourceVersionDate "2019.06.21"]
[SourceQuality "1"]

1. e4 e6 2. d4 d5 3. Nc3 a6 4. Nf3 Nf6 5. e5 Nfd7 6. Bd3 c5 7. dxc5 Nxc5 8. O-O
Nc6 9. Re1 Nxd3 10. cxd3 g6 11. Bg5 Be7 12. Bh6 Bd7 13. Qd2 Rc8 14. Bg7 Rg8 15.
Qh6 Bf8 16. Bxf8 Rxf8 17. Ng5 Ke7 18. Nxh7 Rh8 19. Qh4+ 1-0

[Event "15. Obert Int. Sant Martí 2013 - B"]
[Site "Barcelona ESP"]
[Date "2013.07.20"]
[Round "8.37"]
[White "Sequera Morales, Genesis G."]
[Black "Serra Vilaro, Agustin"]
[Result "0-1"]
[WhiteElo "1726"]
[BlackElo "1849"]
[PlyCount "52"]
[EventDate "2013.07.13"]
[EventType "swiss"]
[EventRounds "9"]
[EventCountry "ESP"]
[SourceTitle "Ajedrez en Madrid"]
[Source "lmi"]
[SourceDate "2013.07.13"]
[SourceVersion "1"]
[SourceVersionDate "2019.06.21"]
[SourceQuality "1"]

1. e4 d5 2. exd5 Qxd5 3. Nc3 Qd6 4. Nf3 Nf6 5. Bc4 a6 6. h3 b5 7. Bb3 Bb7 8.
O-O e6 9. d4 Nbd7 10. Re1 Be7 11. Ng5 Nf8 12. d5 exd5 13. Qe2 Ng6 14. h4 Nxh4
15. Bf4 Qd7 16. Rad1 Ng6 17. Be5 O-O 18. Bxf6 Bxf6 19. Nxd5 Qf5 20. Nxf6+ Qxf6
21. Nh3 Rad8 22. Rxd8 Rxd8 23. Qe3 h6 24. Qg3 Nh4 25. Nf4 Nf5 26. Nd3 Nxg3 0-1

[Event "15. Obert Int. Sant Martí 2013 - B"]
[Site "Barcelona ESP"]
[Date "2013.07.20"]
[Round "8.38"]
[White "Gonzalez Jurado, Jesus"]
[Black "Abascal Vicente, Ignacio"]
[Result "1-0"]
[WhiteElo "1844"]
[BlackElo "1715"]
[PlyCount "85"]
[EventDate "2013.07.13"]
[EventType "swiss"]
[EventRounds "9"]
[EventCountry "ESP"]
[SourceTitle "Ajedrez en Madrid"]
[Source "lmi"]
[SourceDate "2013.07.13"]
[SourceVersion "1"]
[SourceVersionDate "2019.06.21"]
[SourceQuality "1"]

1. c4 Nf6 2. Nc3 e6 3. Nf3 d5 4. d4 c6 5. Bg5 h6 6. Bh4 dxc4 7. e4 g5 8. Bg3 b5
9. a4 b4 10. Na2 Nxe4 11. Bxc4 Nxg3 12. hxg3 a5 13. Ne5 Bg7 14. Qf3 Bxe5 15.
dxe5 Bb7 16. Rd1 Qe7 17. O-O Nd7 18. Qe2 Nb6 19. Bb3 Ba6 20. Qf3 Nd5 21. Rfe1
O-O 22. Qe4 Bb7 23. Nc1 f5 24. exf6 Rxf6 25. Nd3 Raf8 26. f3 Qd6 27. Ne5 Bc8
28. Bc2 Qc7 29. Ng4 Rxf3 30. gxf3 Qxg3+ 31. Kh1 Qh3+ 32. Nh2 Rf4 33. Qh7+ Kf8
34. Qh8+ Ke7 35. Qxc8 Rh4 36. Qxe6+ Qxe6 37. Rxe6+ Kxe6 38. Re1+ Kd6 39. Kg1
Rd4 40. Rd1 Rf4 41. Rd2 h5 42. Kf2 c5 43. Be4 1-0

[Event "15. Obert Int. Sant Martí 2013 - B"]
[Site "Barcelona ESP"]
[Date "2013.07.20"]
[Round "8.39"]
[White "Terrones Hernandez, Jonathan"]
[Black "Vargas Ramirez, Ana Maria"]
[Result "1-0"]
[WhiteElo "1711"]
[BlackElo "1836"]
[PlyCount "57"]
[EventDate "2013.07.13"]
[EventType "swiss"]
[EventRounds "9"]
[EventCountry "ESP"]
[SourceTitle "Ajedrez en Madrid"]
[Source "lmi"]
[SourceDate "2013.07.13"]
[SourceVersion "1"]
[SourceVersionDate "2019.06.21"]
[SourceQuality "1"]

1. d4 Nf6 2. Nf3 c5 3. e3 cxd4 4. exd4 d5 5. Bd3 Bg4 6. Bf4 Nc6 7. c3 e6 8.
Nbd2 Be7 9. O-O O-O 10. Qc2 Bxf3 11. Nxf3 Rc8 12. a3 a6 13. Qe2 Re8 14. Ne5 Bf8
15. Bg5 h6 16. Bh4 Be7 17. f4 Na5 18. f5 exf5 19. Bxf5 Ra8 20. Nxf7 Qb6 21.
Bxf6 Bxf6 22. Qh5 Qc7 23. Rae1 Re7 24. Qg6 Kf8 25. Qh7 g5 26. Bg6 Rxe1 27. Rxe1
Qf4 28. Nxh6 Bg7 29. Qg8# 1-0

[Event "15. Obert Int. Sant Martí 2013 - B"]
[Site "Barcelona ESP"]
[Date "2013.07.20"]
[Round "8.40"]
[White "Corominas Garrido, Antonio"]
[Black "Domenche Redondo, Francesc"]
[Result "1/2-1/2"]
[WhiteElo "1807"]
[BlackElo "1710"]
[PlyCount "70"]
[EventDate "2013.07.13"]
[EventType "swiss"]
[EventRounds "9"]
[EventCountry "ESP"]
[SourceTitle "Ajedrez en Madrid"]
[Source "lmi"]
[SourceDate "2013.07.13"]
[SourceVersion "1"]
[SourceVersionDate "2019.06.21"]
[SourceQuality "1"]

1. c4 e6 2. Nc3 d5 3. cxd5 exd5 4. d4 Nf6 5. Nf3 Be7 6. Bg5 c6 7. e3 h6 8. Bxf6
Bxf6 9. Bd3 Bg4 10. h3 Be6 11. b4 Nd7 12. Na4 Qe7 13. Rb1 O-O 14. O-O Rfc8 15.
Qc2 b5 16. Nc5 Nxc5 17. dxc5 Qd7 18. Nd4 Bxd4 19. exd4 a5 20. a3 axb4 21. axb4
Ra7 22. f4 f5 23. Rfe1 Rca8 24. Re5 Ra2 25. Rb2 Rxb2 26. Qxb2 Qf7 27. Qe2 Ra3
28. Bxb5 cxb5 29. Rxe6 Ra2 30. Re8+ Kh7 31. Qxb5 Qg6 32. Re2 Ra3 33. Qe8 Qg3
34. Rf2 Ra1+ 35. Rf1 Ra2 1/2-1/2

[Event "15. Obert Int. Sant Martí 2013 - B"]
[Site "Barcelona ESP"]
[Date "2013.07.20"]
[Round "8.41"]
[White "Fungueirino Pique, Daniel"]
[Black "Millan Hernandez, Marc"]
[Result "0-1"]
[WhiteElo "1694"]
[BlackElo "1806"]
[PlyCount "76"]
[EventDate "2013.07.13"]
[EventType "swiss"]
[EventRounds "9"]
[EventCountry "ESP"]
[SourceTitle "Ajedrez en Madrid"]
[Source "lmi"]
[SourceDate "2013.07.13"]
[SourceVersion "1"]
[SourceVersionDate "2019.06.21"]
[SourceQuality "1"]

1. d4 d5 2. Nf3 Nf6 3. e3 Bf5 4. Bd3 Bxd3 5. Qxd3 c6 6. Nbd2 Nbd7 7. O-O g6 8.
Re1 Bg7 9. Nf1 O-O 10. Ng3 Re8 11. Ne5 h5 12. Nxg6 fxg6 13. Qxg6 Nf8 14. Qf5
Qd7 15. Qf3 Qg4 16. h3 Qxf3 17. gxf3 Ng6 18. Nf5 Bf8 19. e4 e6 20. Bg5 Nh7 21.
Nh6+ Bxh6 22. Bxh6 Nh4 23. Re3 e5 24. dxe5 Rxe5 25. f4 Re6 26. Rg3+ Rg6 27.
Rxg6+ Nxg6 28. Kh2 Kf7 29. e5 Ne7 30. Re1 Nf5 31. Bg5 Nxg5 32. fxg5 Ke6 33. f4
Nd4 34. Kg3 Nxc2 35. Rg1 Nd4 36. Kh4 Nf3+ 37. Kxh5 Nxg1 38. h4 Kf5 0-1

[Event "15. Obert Int. Sant Martí 2013 - B"]
[Site "Barcelona ESP"]
[Date "2013.07.20"]
[Round "8.42"]
[White "Fuentes Barrientos, Carlos"]
[Black "Romeo Ros, Joaquin"]
[Result "1-0"]
[WhiteElo "1792"]
[BlackElo "1688"]
[PlyCount "61"]
[EventDate "2013.07.13"]
[EventType "swiss"]
[EventRounds "9"]
[EventCountry "ESP"]
[SourceTitle "Ajedrez en Madrid"]
[Source "lmi"]
[SourceDate "2013.07.13"]
[SourceVersion "1"]
[SourceVersionDate "2019.06.21"]
[SourceQuality "1"]

1. e4 c5 2. Nf3 d6 3. d4 cxd4 4. Nxd4 Nf6 5. Nc3 a6 6. Bc4 e5 7. Nb3 b5 8. Bd5
Nxd5 9. Qxd5 Ra7 10. Be3 Be6 11. Qd2 Rb7 12. Rd1 Nd7 13. Nd5 h6 14. Na5 Bxd5
15. exd5 Rc7 16. Nc6 Qc8 17. O-O Be7 18. f4 Bf6 19. Qb4 Be7 20. Rde1 f6 21. Qe4
Nb8 22. Qg6+ Kf8 23. fxe5 Nxc6 24. exf6 Bxf6 25. Rxf6+ gxf6 26. dxc6 Rf7 27.
Bxh6+ Rxh6 28. Qxh6+ Kg8 29. Re3 Qf8 30. Rg3+ Rg7 31. Rxg7+ 1-0

[Event "15. Obert Int. Sant Martí 2013 - B"]
[Site "Barcelona ESP"]
[Date "2013.07.20"]
[Round "8.43"]
[White "Gomez Guinovart, Josep Manel"]
[Black "Salazar Navas, Josep"]
[Result "1/2-1/2"]
[WhiteElo "1670"]
[BlackElo "1789"]
[PlyCount "79"]
[EventDate "2013.07.13"]
[EventType "swiss"]
[EventRounds "9"]
[EventCountry "ESP"]
[SourceTitle "Ajedrez en Madrid"]
[Source "lmi"]
[SourceDate "2013.07.13"]
[SourceVersion "1"]
[SourceVersionDate "2019.06.21"]
[SourceQuality "1"]

1. d4 Nf6 2. c4 c5 3. e3 g6 4. Nf3 Bg7 5. Bd3 O-O 6. O-O cxd4 7. Nxd4 Nc6 8.
Nxc6 dxc6 9. Qc2 Be6 10. Nd2 Rc8 11. b3 Ng4 12. Rb1 Ne5 13. Be2 Qa5 14. Nf3 Bg4
15. Nxe5 Bxe2 16. Qxe2 Bxe5 17. a3 Rfd8 18. b4 Qa4 19. Bb2 Bxb2 20. Qxb2 Rd3
21. Ra1 Rcd8 22. Ra2 c5 23. g3 a5 24. Rc1 Rd1+ 25. Rxd1 Rxd1+ 26. Kg2 Qc6+ 27.
f3 Qe6 28. Qc3 b6 29. Rb2 a4 30. bxc5 Qd7 31. cxb6 Qb7 32. c5 Qa6 33. Rf2 Rd3
34. Qe5 Rxa3 35. Qxe7 Rb3 36. Rd2 Rd3 37. Rxd3 Qxd3 38. b7 Qc2+ 39. Kh3 Qf5+
40. Kg2 1/2-1/2

[Event "15. Obert Int. Sant Martí 2013 - B"]
[Site "Barcelona ESP"]
[Date "2013.07.20"]
[Round "8.44"]
[White "Sequera Morales, Jose David"]
[Black "Llopis Jordan, Lluis"]
[Result "0-1"]
[WhiteElo "1575"]
[BlackElo "1786"]
[PlyCount "70"]
[EventDate "2013.07.13"]
[EventType "swiss"]
[EventRounds "9"]
[EventCountry "ESP"]
[SourceTitle "Ajedrez en Madrid"]
[Source "lmi"]
[SourceDate "2013.07.13"]
[SourceVersion "1"]
[SourceVersionDate "2019.06.21"]
[SourceQuality "1"]

1. e4 c6 2. d4 d5 3. e5 Bf5 4. Nf3 e6 5. Be2 c5 6. O-O Nc6 7. Be3 Qb6 8. Nc3
Qxb2 9. Nb5 O-O-O 10. a4 Qxc2 11. Qxc2 Bxc2 12. Rfc1 Bg6 13. dxc5 a6 14. Nd6+
Bxd6 15. exd6 Nf6 16. a5 Ng4 17. Nh4 Nxe3 18. Nxg6 hxg6 19. fxe3 Rh4 20. Rcb1
Rb4 21. Rxb4 Nxb4 22. Rb1 Nc6 23. Rb6 Nxa5 24. c6 Rxd6 25. cxb7+ Nxb7 26. Rxd6
Nxd6 27. Bxa6+ Kd7 28. Kf2 e5 29. Kf3 Ke6 30. g4 f5 31. g5 d4 32. exd4 exd4 33.
Ke2 Ke5 34. Kd3 f4 35. h4 Nf5 0-1

[Event "15. Obert Int. Sant Martí 2013 - B"]
[Site "Barcelona ESP"]
[Date "2013.07.20"]
[Round "8.45"]
[White "Gonzalez Edo, David"]
[Black "Collell Rodriguez, Victor"]
[Result "1-0"]
[WhiteElo "1777"]
[BlackElo "1650"]
[PlyCount "131"]
[EventDate "2013.07.13"]
[EventType "swiss"]
[EventRounds "9"]
[EventCountry "ESP"]
[SourceTitle "Ajedrez en Madrid"]
[Source "lmi"]
[SourceDate "2013.07.13"]
[SourceVersion "1"]
[SourceVersionDate "2019.06.21"]
[SourceQuality "1"]

1. d4 d5 2. Nf3 Nf6 3. Bf4 e6 4. e3 Bd6 5. Bxd6 Qxd6 6. Bd3 O-O 7. Nbd2 Nbd7 8.
O-O c5 9. c3 cxd4 10. exd4 b6 11. Re1 Bb7 12. Ne5 Rfd8 13. Qf3 Rac8 14. Qh3 Nf8
15. Ndf3 h6 16. g4 N6h7 17. Qh5 Qe7 18. Qh3 Rc7 19. Qg3 Bc8 20. h4 f6 21. Ng6
Qf7 22. h5 Ng5 23. Nfh4 Rb7 24. f4 Ngh7 25. Re2 Qc7 26. Kh2 b5 27. a3 a5 28.
Rc2 Qd6 29. Rac1 Qd7 30. Qe1 Ra7 31. Qe2 Rb7 32. Qe3 Ra7 33. Nf3 Rb7 34. Qd2
Qd6 35. Kh3 Re8 36. Re1 Qc6 37. Rcc1 Rf7 38. Qe2 Rb7 39. b4 a4 40. Kg3 Bd7 41.
Bb1 Bc8 42. Nfh4 Qd7 43. Qd3 Nxg6 44. Nxg6 Nf8 45. Nxf8 Kxf8 46. Qh7 f5 47.
gxf5 exf5 48. Qh8+ Kf7 49. Qxe8+ Qxe8 50. Rxe8 Kxe8 51. Ba2 Be6 52. Re1 Re7 53.
Re5 Kd7 54. Bxd5 Kd6 55. Bf3 Rc7 56. Rc5 Rxc5 57. bxc5+ Kc7 58. Kf2 Bc4 59. d5
Kd7 60. Ke3 Ke7 61. Kd4 Kf6 62. c6 Ke7 63. Ke5 Bd3 64. d6+ Kd8 65. Bd5 Be2 66.
c7+ 1-0

[Event "15. Obert Int. Sant Martí 2013 - B"]
[Site "Barcelona ESP"]
[Date "2013.07.20"]
[Round "8.46"]
[White "Poyato Duran, David"]
[Black "Garrido Prats, Diego"]
[Result "0-1"]
[WhiteElo "1656"]
[BlackElo "1776"]
[PlyCount "64"]
[EventDate "2013.07.13"]
[EventType "swiss"]
[EventRounds "9"]
[EventCountry "ESP"]
[SourceTitle "Ajedrez en Madrid"]
[Source "lmi"]
[SourceDate "2013.07.13"]
[SourceVersion "1"]
[SourceVersionDate "2019.06.21"]
[SourceQuality "1"]

1. d4 d5 2. c4 c6 3. Nc3 Nf6 4. Bg5 e6 5. e3 Be7 6. Nf3 Nbd7 7. Bd3 dxc4 8.
Bxc4 b5 9. Bd3 b4 10. Ne4 Bb7 11. Rc1 O-O 12. O-O Rc8 13. Qa4 c5 14. Nxf6+ Nxf6
15. Ba6 Bc6 16. Qc2 Be4 17. Qe2 Rc7 18. Bxf6 gxf6 19. dxc5 Bxc5 20. Rfd1 Qa8
21. Nh4 Qc6 22. Bb5 Qb7 23. Rd7 Rxd7 24. Bxd7 Bb6 25. Ba4 Qd5 26. Bb3 Qg5 27.
Nf3 Qh5 28. Rc4 Qb5 29. Nd2 Bg6 30. Qg4 Qe5 31. Rxb4 Qxb2 32. Nf3 Qc1+ 0-1

[Event "15. Obert Int. Sant Martí 2013 - B"]
[Site "Barcelona ESP"]
[Date "2013.07.20"]
[Round "8.47"]
[White "Alvarez Albiol, Victor"]
[Black "Alquezar Calpena, Marc"]
[Result "1-0"]
[WhiteElo "1546"]
[BlackElo "1775"]
[PlyCount "63"]
[EventDate "2013.07.13"]
[EventType "swiss"]
[EventRounds "9"]
[EventCountry "ESP"]
[SourceTitle "Ajedrez en Madrid"]
[Source "lmi"]
[SourceDate "2013.07.13"]
[SourceVersion "1"]
[SourceVersionDate "2019.06.21"]
[SourceQuality "1"]

1. e4 c5 2. Nf3 Nc6 3. d4 cxd4 4. Nxd4 Nf6 5. Nc3 e6 6. a3 a6 7. Be3 Be7 8. f4
d6 9. Bd3 Qb6 10. Nce2 Ng4 11. Qd2 Nxe3 12. Qxe3 Qa7 13. Qd2 Bd7 14. Nb3 O-O
15. O-O-O h6 16. h4 b5 17. g4 Rfc8 18. h5 e5 19. g5 Be6 20. Na1 exf4 21. gxh6
g5 22. hxg6 fxg6 23. h7+ Kg7 24. Qxf4 Ne5 25. Qh6+ Kh8 26. Nf4 Bf7 27. Nd5 Bxd5
28. exd5 Ng4 29. Qxg6 Nf2 30. Rdg1 Qe3+ 31. Kb1 Qe5 32. Qg8+ 1-0

[Event "15. Obert Int. Sant Martí 2013 - B"]
[Site "Barcelona ESP"]
[Date "2013.07.20"]
[Round "8.48"]
[White "Febrero Perez, Lluis"]
[Black "Tortosa Moros, Joan"]
[Result "1/2-1/2"]
[WhiteElo "1604"]
[BlackElo "1771"]
[PlyCount "40"]
[EventDate "2013.07.13"]
[EventType "swiss"]
[EventRounds "9"]
[EventCountry "ESP"]
[SourceTitle "Ajedrez en Madrid"]
[Source "lmi"]
[SourceDate "2013.07.13"]
[SourceVersion "1"]
[SourceVersionDate "2019.06.21"]
[SourceQuality "1"]

1. e4 c5 2. Nf3 Nc6 3. d4 cxd4 4. Nxd4 g6 5. Bc4 Bg7 6. Nxc6 bxc6 7. c3 Qc7 8.
Na3 Nf6 9. Qf3 O-O 10. O-O Bb7 11. Bf4 e5 12. Bg5 Qd8 13. Rad1 h6 14. Bh4 g5
15. Bg3 Ne8 16. Qf5 Bc8 17. Qg6 Ba6 18. Qf5 Bc8 19. Qg6 Ba6 20. Qf5 Bc8 1/2-1/2

[Event "15. Obert Int. Sant Martí 2013 - B"]
[Site "Barcelona ESP"]
[Date "2013.07.20"]
[Round "8.49"]
[White "Pujal Moncho, Joaquim"]
[Black "Ferre Navarro, Joan"]
[Result "1-0"]
[WhiteElo "1768"]
[BlackElo "1609"]
[PlyCount "93"]
[EventDate "2013.07.13"]
[EventType "swiss"]
[EventRounds "9"]
[EventCountry "ESP"]
[SourceTitle "Ajedrez en Madrid"]
[Source "lmi"]
[SourceDate "2013.07.13"]
[SourceVersion "1"]
[SourceVersionDate "2019.06.21"]
[SourceQuality "1"]

1. c4 e5 2. Nc3 Nf6 3. Nf3 Be7 4. Nxe5 d6 5. Nf3 Nc6 6. e4 Bg4 7. Be2 O-O 8. d4
h6 9. h3 Bh5 10. O-O Re8 11. d5 Bxf3 12. Bxf3 Ne5 13. Be2 Bf8 14. f4 Ned7 15.
Bf3 Nc5 16. Qc2 a5 17. b3 b6 18. Bb2 Nfd7 19. Kh2 Qf6 20. Ne2 Qg6 21. f5 Qg5
22. Bc1 Qh4 23. g3 Qd8 24. Nf4 Nf6 25. Re1 Qd7 26. Bb2 c6 27. Bxf6 gxf6 28.
Rad1 Re5 29. Re2 Rae8 30. Rde1 Bg7 31. g4 b5 32. h4 b4 33. Rg1 cxd5 34. Nxd5
Kf8 35. g5 hxg5 36. hxg5 fxg5 37. Rxg5 f6 38. Rg6 Nxe4 39. Bxe4 Rxe4 40. Rxe4
Kf7 41. Rxe8 Qxe8 42. Qg2 Qe5+ 43. Kg1 Qa1+ 44. Qf1 Qd4+ 45. Qf2 Qd1+ 46. Kg2
Qd3 47. Qa7+ 1-0

[Event "15. Obert Int. Sant Martí 2013 - B"]
[Site "Barcelona ESP"]
[Date "2013.07.20"]
[Round "8.50"]
[White "Subirana Santos, Marc"]
[Black "Riu Lopez, Sergi"]
[Result "1-0"]
[WhiteElo "1759"]
[BlackElo "1503"]
[PlyCount "149"]
[EventDate "2013.07.13"]
[EventType "swiss"]
[EventRounds "9"]
[EventCountry "ESP"]
[SourceTitle "Ajedrez en Madrid"]
[Source "lmi"]
[SourceDate "2013.07.13"]
[SourceVersion "1"]
[SourceVersionDate "2019.06.21"]
[SourceQuality "1"]

1. c4 e5 2. g3 Nf6 3. Bg2 Nc6 4. Nf3 Bc5 5. O-O d6 6. d3 Be6 7. Nc3 O-O 8. a3
a5 9. h3 Qd7 10. Ng5 Bf5 11. e4 Bg6 12. Kh2 h6 13. Nf3 Nd4 14. Nxd4 Bxd4 15.
Rb1 Rab8 16. Bd2 c6 17. b4 axb4 18. axb4 Rfd8 19. Ne2 Ba7 20. f4 Bb6 21. f5 Bh7
22. g4 d5 23. c5 Ba7 24. g5 hxg5 25. Bxg5 dxe4 26. dxe4 Qxd1 27. Rfxd1 Rxd1 28.
Rxd1 Ne8 29. Nc3 b6 30. Rd7 Ra8 31. b5 f6 32. Be3 bxc5 33. bxc6 Bb6 34. Nd5 Ba5
35. Bxc5 Kh8 36. Bb6 Bxb6 37. Nxb6 Rb8 38. Nd5 Rc8 39. Ne7 Rc7 40. Rxc7 Nxc7
41. Nd5 Nb5 42. c7 Nd6 43. Ne7 Bg8 44. c8=Q Nxc8 45. Nxc8 Kh7 46. Kg3 Kh6 47.
Bf3 Bf7 48. Nd6 Bg8 49. Be2 g6 50. Bc4 Bh7 51. Be6 Kh5 52. Ne8 Kg5 53. h4+ Kh6
54. Nxf6 gxf5 55. exf5 Kg7 56. Ng4 e4 57. Kf4 e3 58. Kxe3 Kf8 59. Kf4 Kg7 60.
Kg5 Kh8 61. Nf6 Bg6 62. fxg6 Kg7 63. Ng4 Kh8 64. Bf5 Kg7 65. h5 Kg8 66. h6 Kh8
67. Kf6 Kg8 68. Bc8 Kh8 69. Ne3 Kg8 70. g7 Kh7 71. Kf7 Kxh6 72. g8=Q Kh5 73.
Kf6 Kh4 74. Ng2+ Kh5 75. Qg5# 1-0

[Event "15. Obert Int. Sant Martí 2013 - B"]
[Site "Barcelona ESP"]
[Date "2013.07.20"]
[Round "8.51"]
[White "Perez Garcia, Francisco Jose"]
[Black "Palomero Galvez, Antonio"]
[Result "1-0"]
[WhiteElo "1840"]
[BlackElo "1625"]
[PlyCount "83"]
[EventDate "2013.07.13"]
[EventType "swiss"]
[EventRounds "9"]
[EventCountry "ESP"]
[SourceTitle "Ajedrez en Madrid"]
[Source "lmi"]
[SourceDate "2013.07.13"]
[SourceVersion "1"]
[SourceVersionDate "2019.06.21"]
[SourceQuality "1"]

1. e4 e5 2. Nf3 Nc6 3. Bb5 a6 4. Ba4 Nf6 5. O-O b5 6. Bb3 Be7 7. Re1 O-O 8. c3
d6 9. h3 Bb7 10. d4 exd4 11. cxd4 Na5 12. Bc2 c5 13. Nc3 cxd4 14. Nxd4 Rc8 15.
Nf5 Re8 16. Bf4 Nc4 17. Rc1 Nxb2 18. Qf3 Nc4 19. Bb3 Bf8 20. Qg3 Kh8 21. Rcd1
Nh5 22. Qg4 Nxf4 23. Qxf4 Qf6 24. Qg3 Rcd8 25. Nd5 Bxd5 26. Rxd5 g6 27. Nh4 Re5
28. Rd4 Bg7 29. f4 Rc5 30. e5 dxe5 31. fxe5 Qb6 32. Rxd8+ Qxd8 33. e6 Bd4+ 34.
Kh1 fxe6 35. Rxe6 Re5 36. Nxg6+ hxg6 37. Rxg6 Rh5 38. Bxc4 bxc4 39. Rd6 Qf8 40.
Rxd4 Kh7 41. Qc7+ Kh8 42. Rd8 1-0

[Event "15. Obert Int. Sant Martí 2013 - B"]
[Site "Barcelona ESP"]
[Date "2013.07.20"]
[Round "8.52"]
[White "Molina Cabaleiro, Juan Jose"]
[Black "Santolaria Sanz, Xavier"]
[Result "1-0"]
[WhiteElo "1801"]
[BlackElo "1624"]
[PlyCount "43"]
[EventDate "2013.07.13"]
[EventType "swiss"]
[EventRounds "9"]
[EventCountry "ESP"]
[SourceTitle "Ajedrez en Madrid"]
[Source "lmi"]
[SourceDate "2013.07.13"]
[SourceVersion "1"]
[SourceVersionDate "2019.06.21"]
[SourceQuality "1"]

1. d4 Nf6 2. Nf3 g6 3. Bf4 d6 4. h3 Bg7 5. e3 O-O 6. Nc3 Nc6 7. Be2 a6 8. d5 e5
9. Bh2 Ne7 10. e4 Nd7 11. g4 h6 12. Qd2 b5 13. a3 Rb8 14. Na2 Nc5 15. Bd3 f5
16. gxf5 Nxf5 17. Nb4 Nh4 18. Nxh4 Qxh4 19. Bg3 Qh5 20. Be2 Nxe4 21. Qe3 Qf5
22. Bg4 1-0

[Event "15. Obert Int. Sant Martí 2013 - B"]
[Site "Barcelona ESP"]
[Date "2013.07.20"]
[Round "8.53"]
[White "Santamaria Torres, Sergio"]
[Black "Hernando Rodrigo, Lourdes"]
[Result "1-0"]
[WhiteElo "1620"]
[BlackElo "1777"]
[PlyCount "41"]
[EventDate "2013.07.13"]
[EventType "swiss"]
[EventRounds "9"]
[EventCountry "ESP"]
[SourceTitle "Ajedrez en Madrid"]
[Source "lmi"]
[SourceDate "2013.07.13"]
[SourceVersion "1"]
[SourceVersionDate "2019.06.21"]
[SourceQuality "1"]

1. e4 c5 2. Nf3 e6 3. d4 cxd4 4. Nxd4 Nf6 5. Nc3 Bb4 6. e5 Nd5 7. Bd2 Nxc3 8.
bxc3 Ba5 9. Qg4 O-O 10. O-O-O f5 11. Qh5 Nc6 12. g4 Nxe5 13. gxf5 exf5 14. Nxf5
Ng6 15. Bd3 d5 16. Nh6+ gxh6 17. Bxg6 Qd6 18. Rhg1 Kh8 19. Qxh6 Qe7 20. Rde1
Qc7 21. Qxf8# 1-0

[Event "15. Obert Int. Sant Martí 2013 - B"]
[Site "Barcelona ESP"]
[Date "2013.07.20"]
[Round "8.54"]
[White "Santiago Llanes, Jose Juan"]
[Black "Herrerias Gonzalez, Andreu"]
[Result "1-0"]
[WhiteElo "1741"]
[BlackElo "1592"]
[PlyCount "83"]
[EventDate "2013.07.13"]
[EventType "swiss"]
[EventRounds "9"]
[EventCountry "ESP"]
[SourceTitle "Ajedrez en Madrid"]
[Source "lmi"]
[SourceDate "2013.07.13"]
[SourceVersion "1"]
[SourceVersionDate "2019.06.21"]
[SourceQuality "1"]

1. d4 Nf6 2. Bf4 d5 3. e3 g6 4. Nf3 Bg7 5. Be2 Bg4 6. h3 Bxf3 7. Bxf3 O-O 8. c4
c6 9. cxd5 Nxd5 10. Bh2 Qa5+ 11. Nd2 Re8 12. O-O Nd7 13. Nc4 Qb4 14. Rc1 b5 15.
a3 Qa4 16. Qxa4 bxa4 17. Na5 e6 18. Nxc6 a5 19. Rc2 N7b6 20. Rfc1 Nc8 21. Bxd5
exd5 22. Bc7 Ne7 23. Nxe7+ Rxe7 24. Bd6 Ree8 25. Rc5 Bf8 26. Bxf8 Kxf8 27. Rxd5
Rec8 28. Rxc8+ Rxc8 29. Rxa5 Rc1+ 30. Kh2 Rc2 31. Kg3 Rxb2 32. Rxa4 Rb3 33. Ra7
Rb5 34. a4 Rg5+ 35. Kf3 Rf5+ 36. Ke2 Kg7 37. a5 Rb5 38. a6 Ra5 39. Ra8 Kf6 40.
a7 Ke7 41. d5 Kd7 42. Rf8 1-0